[Event "PRO League Group Stage"]
[Site "chess.com INT"]
[Date "2018.02.04"]
[Round "4"]
[White "Moussard, Jules"]
[Black "Grigoriants, Sergey"]
[Result "1/2-1/2"]
[WhiteTitle "GM"]
[BlackTitle "GM"]
[WhiteElo "2571"]
[BlackElo "2568"]
[WhiteTeam "Marseille Migraines"]
[BlackTeam "Volga Stormbringers"]
[WhiteFideId "642908"]
[BlackFideId "4130804"]
[EventDate "2018.01.18"]

1. Nf3 Nf6 2. g3 d5 3. Bg2 c6 4. O-O Bg4 5. c4 e6 6. d3 Be7 7. b3 O-O 8. Bb2 a5
9. a3 Bh5 10. Nbd2 Na6 11. Qc2 h6 12. Bc3 Nd7 13. Qb2 Bf6 14. b4 Bxc3 15. Qxc3
Qf6 16. Qxf6 Nxf6 17. Rfb1 axb4 18. axb4 Nc7 19. Nb3 dxc4 20. dxc4 Ne4 21. Na5
Nc3 22. Re1 Na6 23. b5 cxb5 24. cxb5 Nc5 25. b6 Rfd8 26. Kf1 Rd5 27. h3 N5a4 28.
Nxb7 Rb8 29. e4 Rdd8 30. Na5 Rxb6 31. Ne5 Rb2 32. Nac4 Be2+ 33. Kg1 Bxc4 34.
Nxc4 Rb4 35. Bf1 Nc5 36. f3 Nb3 37. Ra7 Nd4 38. Kf2 Ncb5 39. Ra2 Rc8 40. Rc1 Rb3
41. Nd2 Rxc1 42. Nxb3 Rxf1+ 43. Kxf1 Nxb3 44. Kf2 N5d4 45. Ra7 e5 46. f4 f6 47.
Ke3 Nc6 48. Rc7 Nbd4 49. h4 h5 50. Kd3 Kh7 51. Kc4 Nd8 52. fxe5 fxe5 53. Kd5 Nf3
54. Rc3 Nh2 55. Kxe5 Nf7+ 56. Ke6 Kg6 57. Ke7 Ne5 58. Kf8 Nhg4 59. Rc7 Kf6 60.
Kg8 g6 61. Kh7 Nf2 62. Rc8 Nxe4 63. Rf8+ Ke7 64. Rf4 Nxg3 65. Kh6 Nf5+ 66. Kg5
Ng7 67. Re4 Ne6+ 68. Kh6 Kf6 69. Re1 Ng4+ 70. Kh7 Nf8+ 71. Kg8 Nd7 72. Rf1+ Ke6
73. Kg7 Nde5 74. Rf8 Kd5 75. Rf4 Kd6 76. Rd4+ Ke7 77. Rf4 Ke6 78. Kh7 Ne3 79.
Kh6 Nf5+ 80. Kg5 Nd6 81. Rf6+ Ke7 82. Rxg6 Nxg6 83. Kxg6 Ke6 84. Kxh5 Nf5 85.
Kg6 Nxh4+ 1/2-1/2

[Event "PRO League Group Stage"]
[Site "chess.com INT"]
[Date "2018.02.04"]
[Round "4"]
[White "Moussard, Jules"]
[Black "Zwardon, Vojtech"]
[Result "1-0"]
[WhiteTitle "GM"]
[BlackTitle "IM"]
[WhiteElo "2571"]
[BlackElo "2412"]
[WhiteTeam "Marseille Migraines"]
[BlackTeam "Riga Magicians"]
[WhiteFideId "642908"]
[BlackFideId "325511"]
[EventDate "2018.01.18"]

1. Nf3 c5 2. g3 Nc6 3. Bg2 g6 4. c4 Bg7 5. Nc3 d6 6. d3 Bg4 7. Bd2 Rb8 8. a3 a6
9. Rb1 b5 10. cxb5 axb5 11. b4 cxb4 12. axb4 Qc8 13. O-O Bh3 14. Bxh3 Qxh3 15.
Qb3 Nh6 16. Bxh6 Bxh6 17. Nd5 O-O 18. Ra1 Rfc8 19. Ra6 Qd7 20. Rfa1 Kf8 21. Nb6
Rxb6 22. Rxb6 Bg7 23. Rc1 Na7 24. Rxc8+ Nxc8 25. Rb8 Qc7 26. Rxb5 Qc1+ 27. Kg2
Bf6 28. Qc4 1-0

[Event "PRO League Group Stage"]
[Site "chess.com INT"]
[Date "2018.02.04"]
[Round "4"]
[White "Sharafiev, Azat"]
[Black "Tan, Justin2"]
[Result "1-0"]
[WhiteTitle "IM"]
[BlackTitle "IM"]
[WhiteElo "2432"]
[BlackElo "2466"]
[WhiteTeam "Volga Stormbringers"]
[BlackTeam "London Lions"]
[WhiteFideId "4186214"]
[BlackFideId "3206882"]
[EventDate "2018.01.18"]

1. Nf3 d5 2. g3 Bg4 3. Bg2 Nd7 4. c4 e6 5. cxd5 exd5 6. h3 Bxf3 7. Bxf3 c6 8.
O-O Ngf6 9. d3 Bc5 10. Nc3 O-O 11. Bg2 Re8 12. e4 dxe4 13. dxe4 Qa5 14. Qe2 Ne5
15. Bg5 Be7 16. Be3 Rad8 17. Rad1 Bb4 18. Bd4 Bc5 19. Bxe5 Rxe5 20. Rxd8+ Qxd8
21. Kh2 Re8 22. f4 Bb4 23. e5 Bxc3 24. bxc3 Qa5 25. Rb1 Qc7 26. Qb2 Nd5 27. Qxb7
Qxb7 28. Rxb7 Nxc3 29. Bxc6 Rd8 30. a4 a5 31. Ra7 Rd2+ 32. Bg2 h5 33. Rxa5 Kh7
34. Ra7 Kg6 35. a5 h4 36. gxh4 Ne2 37. h5+ Kh6 38. Rxf7 Ra2 39. e6 1-0

[Event "PRO League Group Stage"]
[Site "chess.com INT"]
[Date "2018.02.04"]
[Round "4"]
[White "Ghosh, Diptayan"]
[Black "Lenic, Luka"]
[Result "0-1"]
[WhiteTitle "GM"]
[BlackTitle "GM"]
[WhiteElo "2556"]
[BlackElo "2662"]
[WhiteTeam "Mumbai Movers"]
[BlackTeam "Ljubljana Turtles"]
[WhiteFideId "5045207"]
[BlackFideId "14603853"]
[EventDate "2018.01.18"]

1. Nf3 Nf6 2. g3 d5 3. Bg2 e6 4. O-O Be7 5. c4 O-O 6. d4 c6 7. Qc2 b6 8. Rd1 h6
9. Bf4 Bb7 10. Nc3 Nbd7 11. Ne5 Nh5 12. Be3 Nhf6 13. Bf4 Nh5 14. Be3 Bd6 15. Bf3
Nhf6 16. Bf4 Qb8 17. Nxd7 Nxd7 18. Bxd6 Qxd6 19. Rac1 f5 20. b3 Rac8 21. e3 Qe7
22. Qb2 Nf6 23. Ne2 g5 24. Bg2 h5 25. Rc2 Rfd8 26. cxd5 exd5 27. Nc1 Ba6 28. Nd3
Bxd3 29. Rxd3 Ne4 30. Qc1 Rd6 31. f3 Nf6 32. e4 dxe4 33. Qxg5+ Kh8 34. fxe4 fxe4
35. Re2 Re8 36. Rd1 c5 37. d5 Qg7 38. Qf5 Qg4 39. Qxg4 hxg4 40. Rde1 Rxd5 41.
Bxe4 Rd4 42. Bc2 Rxe2 43. Rxe2 Kg8 44. Kg2 Kf7 45. h3 gxh3+ 46. Kxh3 Nd5 47. Kg2
Nc3 48. Rf2+ Kg7 49. Bf5 b5 50. Kf3 b4 51. Ke3 Nd1+ 0-1

[Event "PRO League Group Stage"]
[Site "chess.com INT"]
[Date "2018.02.04"]
[Round "4"]
[White "Tari, Aryan"]
[Black "Zhou, Yang-Fan"]
[Result "1-0"]
[WhiteTitle "GM"]
[BlackTitle "IM"]
[WhiteElo "2599"]
[BlackElo "2449"]
[WhiteTeam "Norway Gnomes"]
[BlackTeam "London Lions"]
[WhiteFideId "1510045"]
[BlackFideId "468584"]
[EventDate "2018.01.18"]

1. c4 g6 2. d4 Bg7 3. g3 Nf6 4. Bg2 O-O 5. Nc3 d6 6. Nf3 Nbd7 7. O-O e5 8. e4 a6
9. Re1 exd4 10. Nxd4 Ng4 11. Nde2 Qf6 12. f4 Qd8 13. h3 Ngf6 14. Be3 Re8 15. Qc2
Rb8 16. Rad1 b6 17. Bf2 Bb7 18. g4 Qe7 19. Ng3 h6 20. b4 Nf8 21. e5 Bxg2 22.
Kxg2 dxe5 23. fxe5 N6d7 24. Nd5 Qd8 25. b5 a5 26. Bd4 Nxe5 27. Qf2 Qh4 28. Nxc7
Re7 29. Nd5 Re6 30. Nf4 Ree8 31. Bxb6 Nxc4 32. Bd4 Rxe1 33. Rxe1 Rxb5 34. Bxg7
Kxg7 35. Qd4+ Qf6 36. Qxc4 Rb4 37. Qxb4 axb4 38. Nfh5+ gxh5 39. Nxh5+ Kg6 40.
Nxf6 Kxf6 41. Rb1 1-0

[Event "PRO League Group Stage"]
[Site "chess.com INT"]
[Date "2018.02.04"]
[Round "4"]
[White "Ghosh, Diptayan"]
[Black "Yanchenko, Roman"]
[Result "1-0"]
[WhiteTitle "GM"]
[BlackTitle "FM"]
[WhiteElo "2556"]
[BlackElo "2436"]
[WhiteTeam "Mumbai Movers"]
[BlackTeam "London Towers"]
[WhiteFideId "5045207"]
[BlackFideId "4137329"]
[EventDate "2018.01.18"]

1. Nf3 d5 2. g3 Nf6 3. Bg2 g6 4. O-O Bg7 5. d4 O-O 6. c4 c6 7. b3 b5 8. cxb5
cxb5 9. Ne5 Bb7 10. Bb2 Nc6 11. Nxc6 Bxc6 12. Nd2 b4 13. Rc1 Qb6 14. Nf3 Rfc8
15. Ne5 Bb5 16. Qd2 e6 17. Rfe1 a5 18. Nd3 Ne4 19. Bxe4 dxe4 20. Nc5 Bc6 21. Rc2
Bd5 22. Rec1 Qb5 23. Qf4 Qc6 24. Qd2 Qe8 25. Na4 Rxc2 26. Rxc2 Rd8 27. Qc1 e5
28. dxe5 Bxe5 29. Bxe5 Qxe5 30. Qe3 Be6 31. Kg2 Qf5 32. Rc1 h5 33. Nc5 Bd5 34.
h4 Kh7 35. Rd1 Rc8 36. Rc1 Ba8 37. Kg1 Qd5 38. Rc4 Re8 39. Kh2 Qf5 40. Rc1 Bd5
41. Na4 Be6 42. Nc5 Bc8 43. Kg1 Qd5 44. Kh2 Bg4 45. Rc4 Bf5 46. Rc1 Qe5 47. Rd1
Rc8 48. Rc1 Qb2 49. Rd1 Qc3 50. Rd5 Qf6 51. Qf4 Re8 52. e3 Qc6 53. Qd6 Qxd6 54.
Rxd6 Rc8 55. Rd5 Kg7 56. Kg2 Rc6 57. Kf1 Bg4 58. Ke1 Bf3 59. Kd2 f6 60. Na4 Kh6
61. Nb2 Ra6 62. Nc4 a4 63. Ra5 Rxa5 64. Nxa5 axb3 65. axb3 g5 66. Nc6 gxh4 67.
gxh4 Kg6 68. Nxb4 Kf5 69. Nd5 Ke5 70. Nf4 Bg4 71. Kc3 Kf5 72. b4 Bd1 73. b5 Ba4
74. b6 Bc6 75. Nxh5 Kg4 76. Nxf6+ Kxh4 77. Kd4 Kh3 78. Nxe4 Kg2 79. Nc5 Kxf2 80.
b7 1-0

[Event "PRO League Group Stage"]
[Site "chess.com INT"]
[Date "2018.02.04"]
[Round "4"]
[White "Tari, Aryan"]
[Black "Moussard, Jules"]
[Result "0-1"]
[WhiteTitle "GM"]
[BlackTitle "GM"]
[WhiteElo "2599"]
[BlackElo "2571"]
[WhiteTeam "Norway Gnomes"]
[BlackTeam "Marseille Migraines"]
[WhiteFideId "1510045"]
[BlackFideId "642908"]
[EventDate "2018.01.18"]

1. Nf3 b6 2. e4 Bb7 3. Nc3 e6 4. d4 Bb4 5. Bd3 Nf6 6. Qe2 d5 7. exd5 Qxd5 8. O-O
Bxc3 9. bxc3 Nbd7 10. Bf4 c5 11. a4 O-O 12. a5 Qh5 13. Ne5 Qxe2 14. Bxe2 Be4 15.
Nxd7 Nxd7 16. Bb5 Nf6 17. axb6 axb6 18. dxc5 bxc5 19. Bd6 Rxa1 20. Rxa1 Rc8 21.
f3 Bxc2 22. Bxc5 h5 23. Bd4 Nd5 24. c4 Nf4 25. c5 Bd3 26. Bd7 Ne2+ 27. Kf2 Rc7
28. Be5 Rxc5 29. f4 f6 30. Bxe6+ Kh7 31. Bb8 Rb5 32. Ra8 Be4 33. Ra4 Nc3 34. Rc4
Nd1+ 35. Ke2 Bd3+ 36. Kxd3 Nb2+ 37. Kd4 Nxc4 38. Bc7 Nd2 39. Ke3 Nf1+ 40. Kf3
Nxh2+ 41. Kg3 Rc5 42. Bb8 Ng4 43. Kh4 Nh6 44. Ba7 Ra5 45. Bf2 Nf5+ 46. Kh3 g5
47. fxg5 fxg5 48. g4 hxg4+ 49. Kxg4 Kg6 50. Bd7 Nh6+ 51. Kf3 Ra3+ 52. Ke4 g4 53.
Be3 g3 54. Bh3 Kh5 55. Kf4 Kh4 56. Bg2 Ng4 57. Bc5 Ra4+ 58. Kf3 Ne5+ 59. Ke3 Kg4
60. Be7 Ra2 61. Bd5 g2 62. Be6+ Kg3 63. Bxa2 g1=Q+ 0-1

[Event "PRO League Group Stage"]
[Site "chess.com INT"]
[Date "2018.02.04"]
[Round "4"]
[White "Sharafiev, Azat"]
[Black "Villegas, Pierre"]
[Result "1-0"]
[WhiteTitle "IM"]
[BlackTitle "FM"]
[WhiteElo "2432"]
[BlackElo "2320"]
[WhiteTeam "Volga Stormbringers"]
[BlackTeam "Cannes Blockbusters"]
[WhiteFideId "4186214"]
[BlackFideId "654183"]
[EventDate "2018.01.18"]

1. Nf3 d5 2. g3 Nf6 3. Bg2 c5 4. O-O e6 5. c4 d4 6. e3 Nc6 7. exd4 cxd4 8. d3
Bd6 9. Bg5 h6 10. Bxf6 Qxf6 11. Nbd2 Qe7 12. Re1 O-O 13. a3 a5 14. Nb3 Qf6 15.
Nbd2 Qe7 16. Rb1 a4 17. b4 axb3 18. Nxb3 Qf6 19. c5 Bc7 20. Qc1 e5 21. Nfd2 Bf5
22. Ne4 Qe7 23. Nbd2 Rfb8 24. Rb5 Ba5 25. Rd1 Qd7 26. Nc4 Bg4 27. Ned6 Bxd1 28.
Qxd1 Bc7 29. Nxb7 Ra7 30. Qb3 Nd8 31. Nbd6 Rxb5 32. Nxb5 Ra5 33. c6 Nxc6 34.
Nxc7 Qxc7 35. Bxc6 Rc5 36. Be4 g6 37. Qb7 Qxb7 38. Bxb7 f5 39. f3 Rb5 40. Bc6
Rc5 41. Ba8 Kf7 42. a4 Kf6 43. Kf2 Ke6 44. Ke2 Rc8 45. Bd5+ Kf6 46. a5 Rc5 47.
Bb7 Rb5 48. a6 Rb1 49. a7 1-0

[Event "PRO League Group Stage"]
[Site "chess.com INT"]
[Date "2018.02.04"]
[Round "4"]
[White "Tari, Aryan"]
[Black "Pantsulaia, Levan"]
[Result "0-1"]
[WhiteTitle "GM"]
[BlackTitle "GM"]
[WhiteElo "2599"]
[BlackElo "2605"]
[WhiteTeam "Norway Gnomes"]
[BlackTeam "Stockholm Snowballs"]
[WhiteFideId "1510045"]
[BlackFideId "13602071"]
[EventDate "2018.01.18"]

1. e4 c6 2. d4 d5 3. exd5 cxd5 4. Bd3 Nf6 5. c3 Nc6 6. Bf4 g6 7. h3 Bg7 8. Qc2
O-O 9. Nf3 Bd7 10. O-O Rc8 11. Qe2 Bf5 12. Nbd2 Bxd3 13. Qxd3 Qb6 14. a4 a6 15.
Rfe1 e6 16. b4 Rfe8 17. a5 Qd8 18. Nb3 Ne4 19. Rac1 Qf6 20. Bh2 Qf5 21. b5 Nb8
22. Be5 Bxe5 23. dxe5 Nc5 24. Qd1 axb5 25. Nbd4 Qd3 26. Nd2 Nc6 27. Re3 Nxd4 28.
Rxd3 Nxd3 29. Rb1 Rxc3 30. Qg4 Nc6 31. Rxb5 Ncxe5 32. Qd4 Rc2 33. f4 Rxd2 34.
fxe5 Rc8 35. Rb3 Rc1+ 36. Kh2 Nf2 37. Qe3 Rh1+ 38. Kg3 Ne4+ 39. Kh4 Rxg2 40.
Rxb7 g5+ 41. Kh5 Ng3+ 42. Kxg5 Nf5+ 43. Kf6 Rg6# 0-1

[Event "PRO League Group Stage"]
[Site "chess.com INT"]
[Date "2018.02.04"]
[Round "4"]
[White "Tari, Aryan"]
[Black "Barseghyan, Harutyun"]
[Result "1/2-1/2"]
[WhiteTitle "GM"]
[WhiteElo "2599"]
[BlackElo "2467"]
[WhiteTeam "Norway Gnomes"]
[BlackTeam "Cannes Blockbusters"]
[WhiteFideId "1510045"]
[BlackFideId "13304585"]
[EventDate "2018.01.18"]

1. d4 d5 2. Nf3 Nf6 3. Bf4 c5 4. e3 Nc6 5. Nbd2 Bf5 6. dxc5 e6 7. Nd4 Bxc5 8.
Nxf5 exf5 9. Bd3 g6 10. Nb3 Be7 11. O-O O-O 12. c3 Qd7 13. h3 Rfe8 14. Nd4 Bd6
15. Bxd6 Qxd6 16. Qa4 Ne5 17. Be2 a6 18. Rad1 Rad8 19. Nf3 Ned7 20. c4 Qb6 21.
cxd5 Qxb2 22. Rd2 Qb6 23. Rc1 Ne4 24. Rd4 Ndf6 25. Qc4 Rd7 26. g3 Qd6 27. Kg2
Red8 28. Rcd1 Rc7 29. Qb3 Rdc8 30. Bd3 Nc3 31. Rc1 b5 32. g4 fxg4 33. hxg4 Kg7
34. g5 Nd7 35. Qb2 Ne5 36. Be4 Kg8 37. Nxe5 Qxe5 38. f4 Qd6 39. Bf3 a5 40. Qd2
b4 41. e4 Nxe4 42. Rxc7 Nxd2 43. Rxc8+ Kg7 44. Rc6 Qb8 45. Rxd2 Qxf4 46. Rcc2
Qxg5+ 47. Kf2 Qh4+ 48. Kf1 Qf4 49. Rd3 Qf5 50. Rcd2 Qh3+ 51. Bg2 Qf5+ 52. Kg1 a4
53. d6 Qc5+ 54. Rd4 b3 55. axb3 axb3 56. d7 b2 57. Be4 Qg5+ 58. Kf2 Qf4+ 59. Ke2
Qg4+ 60. Ke3 Qg3+ 61. Ke2 Qg4+ 62. Kf2 Qf4+ 63. Kg2 Qg4+ 64. Kf2 Qf4+ 65. Ke2
Qg4+ 66. Ke3 Qg3+ 67. Ke2 Qg4+ 68. Kf2 Qf4+ 69. Ke2 Qg4+ 1/2-1/2

[Event "PRO League Group Stage"]
[Site "chess.com INT"]
[Date "2018.02.04"]
[Round "4"]
[White "Spoelman, Wouter"]
[Black "Plat, Vojtech"]
[Result "1-0"]
[WhiteTitle "GM"]
[BlackTitle "GM"]
[WhiteElo "2578"]
[BlackElo "2569"]
[WhiteTeam "Amsterdam Mosquitoes"]
[BlackTeam "Riga Magicians"]
[WhiteFideId "1010891"]
[BlackFideId "325740"]
[EventDate "2018.01.18"]

1. c4 e5 2. Nc3 d6 3. Nf3 Nf6 4. d4 exd4 5. Nxd4 Be7 6. g3 O-O 7. Bg2 c6 8. O-O
a5 9. b3 Na6 10. Bb2 Nc5 11. Qc2 Re8 12. Rad1 Qc7 13. h3 Bf8 14. Rd2 g6 15. Rfd1
Bg7 16. e3 Bd7 17. a3 Rad8 18. Kh2 Ne6 19. Nde2 Bc8 20. Nf4 Ng5 21. e4 h5 22.
Nb5 Qb6 23. Rxd6 Ngxe4 24. Bxe4 Nxe4 25. Bxg7 Nxd6 26. Nxd6 Kxg7 27. Qb2+ Kg8
28. Nxe8 Rxe8 29. Rd6 Qc5 30. Nxg6 Kh7 31. Rf6 Be6 32. Nf4 Kg8 33. Rh6 Kf8 34.
Ng6+ fxg6 35. Qf6+ 1-0

[Event "PRO League Group Stage"]
[Site "chess.com INT"]
[Date "2018.02.04"]
[Round "4"]
[White "Andreikin, Dmitry"]
[Black "Vachier-Lagrave, Maxime"]
[Result "0-1"]
[WhiteTitle "GM"]
[BlackTitle "GM"]
[WhiteElo "2712"]
[BlackElo "2793"]
[WhiteTeam "Volga Stormbringers"]
[BlackTeam "Marseille Migraines"]
[WhiteFideId "4158814"]
[BlackFideId "623539"]
[EventDate "2018.01.18"]

1. d4 Nf6 2. Bg5 d5 3. Nd2 c5 4. dxc5 e6 5. b4 a5 6. a3 b6 7. c4 bxc5 8. b5 Be7
9. Ngf3 O-O 10. e3 Nbd7 11. Be2 Bb7 12. O-O h6 13. Bh4 Nb6 14. Qc2 Qc7 15. Rac1
Rac8 16. Bg3 Bd6 17. Bxd6 Qxd6 18. Rfd1 Qc7 19. cxd5 exd5 20. Nb3 a4 21. Nxc5
Qe7 22. Nd4 Nfd7 23. Nxd7 Rxc2 24. Nxb6 Rxc1 25. Rxc1 Qxa3 26. Rc7 Rb8 27. Nd7
Qd6 28. b6 Rd8 29. Rxb7 Rxd7 30. Ra7 a3 31. Bb5 Qxb6 32. Rxa3 Ra7 33. Rxa7 Qxa7
34. g3 g6 35. Kg2 Kg7 36. h4 h5 37. Be2 Qb7 38. Bf3 Kf6 39. Ne2 g5 40. hxg5+
Kxg5 41. Nf4 h4 42. Bxd5 Qd7 43. Bf3 hxg3 44. Kxg3 Kf6 45. Bg4 Qd8 46. Bf3 Ke5
47. Kg2 Kd6 48. Bd5 Qd7 49. Bf3 Kc5 50. Kg1 Kc4 51. Be2+ Kc3 52. Bf1 Kd2 53. Ng2
Qg4 54. Ba6 Qd1+ 55. Bf1 f5 56. Nf4 Qg4+ 57. Ng2 f4 58. exf4 Kc3 59. Kh2 Kd4 60.
Ne3 Qxf4+ 61. Kg1 Qg5+ 62. Kh2 Ke4 63. Be2 Kd4 64. Bf1 Kc3 65. Ng2 Kd2 66. Kg1
Qg6 67. Bc4 Kc3 68. Bf1 Kd4 69. Be2 Qc2 70. Bf3 Qc1+ 71. Kh2 Qf1 72. Kg3 Qg1 73.
Bg4 Ke5 74. Bf3 Kf6 75. Bg4 Kg5 76. Bf3 Qh1 77. Bg4 Qh8 78. Ne3 Qb8+ 79. Kg2 Kf4
80. Be2 Qa8+ 81. Kg1 Qa2 82. Bg4 Ke4 83. Bf5+ Kd4 84. Kg2 Kc3 85. Nf1 Qd5+ 0-1

[Event "PRO League Group Stage"]
[Site "chess.com INT"]
[Date "2018.02.04"]
[Round "4"]
[White "Andreikin, Dmitry"]
[Black "Meier, Georg"]
[Result "1/2-1/2"]
[WhiteTitle "GM"]
[BlackTitle "GM"]
[WhiteElo "2712"]
[BlackElo "2647"]
[WhiteTeam "Volga Stormbringers"]
[BlackTeam "Stockholm Snowballs"]
[WhiteFideId "4158814"]
[BlackFideId "4675789"]
[EventDate "2018.01.18"]

1. d4 Nf6 2. Bg5 d5 3. Nd2 e6 4. e3 c5 5. c3 Bd6 6. Bd3 h6 7. Bxf6 gxf6 8. Ne2
f5 9. O-O Nd7 10. Nf4 Nf6 11. g3 Bd7 12. dxc5 Bxc5 13. c4 dxc4 14. Nxc4 O-O 15.
Rc1 Rc8 16. Qb3 Rc7 17. Rfd1 Qe8 18. Qc3 Qe7 19. Ne5 Bd6 20. Qd4 Bc5 21. Qc3 Bd6
22. Qd4 Bc5 23. Qc4 Bd6 24. Qd4 1/2-1/2

[Event "PRO League Group Stage"]
[Site "chess.com INT"]
[Date "2018.02.04"]
[Round "4"]
[White "Andreikin, Dmitry"]
[Black "Tran, Tuan Minh"]
[Result "1-0"]
[WhiteTitle "GM"]
[BlackTitle "GM"]
[WhiteElo "2712"]
[BlackElo "2548"]
[WhiteTeam "Volga Stormbringers"]
[BlackTeam "London Lions"]
[WhiteFideId "4158814"]
[BlackFideId "12401820"]
[EventDate "2018.01.18"]

1. e4 c5 2. Nf3 d6 3. d4 cxd4 4. Qxd4 Nc6 5. Bb5 Bd7 6. Qd3 Nf6 7. c4 e6 8. Nc3
Be7 9. O-O O-O 10. b3 Ne5 11. Nxe5 dxe5 12. Bxd7 Qxd7 13. Qxd7 Nxd7 14. Rd1 Rfd8
15. Be3 Nc5 16. Kf1 g6 17. Ke2 f5 18. f3 Kf7 19. b4 Nd7 20. c5 b6 21. c6 Nf6 22.
Rxd8 Rxd8 23. Rb1 Ne8 24. a4 Nc7 25. a5 bxa5 26. bxa5 Rd6 27. Bxa7 Rxc6 28. Kd3
Na6 29. Rb7 Kf6 30. g4 Bb4 31. Nb5 Bxa5 32. h4 h6 33. Ke2 Nb4 34. Be3 f4 35. Bd2
Rc2 36. Nd6 Rxd2+ 37. Kxd2 Nc6+ 38. Kd3 Nd8 39. Ne8# 1-0

[Event "PRO League Group Stage"]
[Site "chess.com INT"]
[Date "2018.02.04"]
[Round "4"]
[White "Andreikin, Dmitry"]
[Black "Fontaine, Robert"]
[Result "1-0"]
[WhiteTitle "GM"]
[BlackTitle "GM"]
[WhiteElo "2712"]
[BlackElo "2563"]
[WhiteTeam "Volga Stormbringers"]
[BlackTeam "Cannes Blockbusters"]
[WhiteFideId "4158814"]
[BlackFideId "605590"]
[EventDate "2018.01.18"]

1. e4 c6 2. d4 d5 3. exd5 cxd5 4. Nf3 Nc6 5. Bb5 Bd7 6. c3 Nf6 7. O-O g6 8. Re1
Bg7 9. Bf4 O-O 10. Nbd2 a6 11. Bd3 Bg4 12. h3 Bxf3 13. Nxf3 Rc8 14. Qd2 e6 15.
h4 Na5 16. Bg5 Nc4 17. Bxc4 dxc4 18. h5 Qd5 19. h6 Bh8 20. Bxf6 Bxf6 21. Ne5 b5
22. Qf4 Bh8 23. a4 b4 24. cxb4 Rb8 25. b5 axb5 26. axb5 Qxb5 27. Ra7 Rb7 28.
Rea1 Qxb2 29. Ra8 Rbb8 30. Kh2 Rxa8 31. Rxa8 Qb7 32. Rxf8+ Kxf8 33. Nxc4 Qc8 34.
Ne5 Qe8 35. g4 Qe7 36. Nc6 e5 37. dxe5 Qc5 38. e6 f5 39. Qb8# 1-0

[Event "PRO League Group Stage"]
[Site "chess.com INT"]
[Date "2018.02.04"]
[Round "4"]
[White "Andriasian, Zaven"]
[Black "Pantsulaia, Levan"]
[Result "1-0"]
[WhiteTitle "GM"]
[BlackTitle "GM"]
[WhiteElo "2585"]
[BlackElo "2605"]
[WhiteTeam "Armenia Eagles"]
[BlackTeam "Stockholm Snowballs"]
[WhiteFideId "13302000"]
[BlackFideId "13602071"]
[EventDate "2018.01.18"]

1. e4 c6 2. d3 d5 3. Nd2 e5 4. Ngf3 Bd6 5. g3 Nf6 6. Bg2 O-O 7. O-O Bg4 8. h3
Bh5 9. Re1 Nbd7 10. Qe2 Re8 11. Qf1 a5 12. Nh4 a4 13. a3 Qb6 14. Ndf3 Bg6 15.
Nxg6 hxg6 16. Qe2 Nc5 17. Ng5 dxe4 18. dxe4 Ne6 19. Nxe6 Rxe6 20. Bf3 Bc5 21.
Kg2 Rd8 22. h4 Red6 23. Rf1 Bd4 24. c3 Bc5 25. Bg5 Rd3 26. h5 gxh5 27. Bxh5 Be7
28. Bf3 Kf8 29. Rh1 Ng8 30. Be3 Bc5 31. Bg5 Be7 32. Bc1 Qb3 33. Be3 b6 34. Rh5
g6 35. Rh8 Bf6 36. Rh7 c5 37. Rah1 Qe6 38. Qc2 Rxe3 39. fxe3 Bg5 40. Rd1 Qe8 41.
Be2 Nf6 42. Rh8+ Ng8 43. Bc4 Rxd1 44. Qxd1 Bxe3 45. Rh7 Nh6 46. Qd6+ Kg8 47.
Qxg6+ Kf8 48. Rh8+ 1-0

[Event "PRO League Group Stage"]
[Site "chess.com INT"]
[Date "2018.02.04"]
[Round "4"]
[White "Andriasian, Zaven"]
[Black "Zhou, Yang-Fan"]
[Result "1-0"]
[WhiteTitle "GM"]
[BlackTitle "IM"]
[WhiteElo "2585"]
[BlackElo "2449"]
[WhiteTeam "Armenia Eagles"]
[BlackTeam "London Lions"]
[WhiteFideId "13302000"]
[BlackFideId "468584"]
[EventDate "2018.01.18"]

1. e4 c5 2. Nf3 d6 3. d4 Nf6 4. Nc3 cxd4 5. Nxd4 g6 6. Be2 Bg7 7. O-O O-O 8. Bg5
Nc6 9. Nb3 a5 10. a4 Be6 11. Re1 Re8 12. Bf1 Nd7 13. Qd2 Bxb3 14. cxb3 Nc5 15.
Bc4 Ne5 16. Qc2 Nxc4 17. bxc4 h6 18. Be3 Rc8 19. Nb5 Qd7 20. Rad1 Qe6 21. Bd4
Bxd4 22. Nxd4 Qf6 23. b3 b6 24. Nb5 h5 25. Nc3 Rc6 26. Nd5 Qg7 27. Re3 Ne6 28.
Qd2 Nc7 29. h3 Nxd5 30. exd5 Rc7 31. Rde1 Rb7 32. Re4 Kf8 33. Qf4 Qb2 34. R1e3
Kg7 35. g3 Qf6 36. Qxf6+ Kxf6 37. f4 e6 38. dxe6 Rxe6 39. Kf2 Rd7 40. Rd4 Rde7
41. Rxe6+ Rxe6 42. Rd5 Ke7 43. Rb5 d5 44. Rxd5 f5 45. Kf3 Rc6 46. g4 hxg4+ 47.
hxg4 fxg4+ 48. Kxg4 Kf6 49. Rb5 Re6 50. Kf3 Rc6 51. Kg4 Re6 52. c5 bxc5 53. Rxa5
Rc6 54. Rb5 c4 55. bxc4 Rxc4 56. Rb6+ Kf7 57. a5 Rc5 58. a6 Ra5 59. Rc6 Kg7 60.
Kf3 Ra4 61. Ke3 Kh6 62. f5 Kh7 63. Rxg6 1-0

[Event "PRO League Group Stage"]
[Site "chess.com INT"]
[Date "2018.02.04"]
[Round "4"]
[White "Zhou, Yang-Fan"]
[Black "Kanep, Siim"]
[Result "1-0"]
[WhiteTitle "IM"]
[WhiteElo "2449"]
[BlackElo "2180"]
[WhiteTeam "London Lions"]
[BlackTeam "Estonia Horses"]
[WhiteFideId "468584"]
[BlackFideId "4501691"]
[EventDate "2018.01.18"]

1. e4 c5 2. Nf3 d6 3. d4 cxd4 4. Qxd4 Nd7 5. c4 Ngf6 6. h3 a6 7. Nc3 e6 8. Be2
Qc7 9. b3 Be7 10. O-O O-O 11. Bb2 b6 12. Rfd1 Bb7 13. Rac1 Rfd8 14. Qe3 h6 15.
Nd4 Nc5 16. Bd3 Nh5 17. Qf3 Nf6 18. Bb1 Nfd7 19. Qg3 Nf6 20. Re1 Ncd7 21. Nd5
exd5 22. cxd5 Qb8 23. Nf5 Bf8 24. Nxh6+ Kh7 25. e5+ Kxh6 26. exf6 Nxf6 27. Bxf6 1-0

[Event "PRO League Group Stage"]
[Site "chess.com INT"]
[Date "2018.02.04"]
[Round "4"]
[White "Andriasian, Zaven"]
[Black "Moussard, Jules"]
[Result "1-0"]
[WhiteTitle "GM"]
[BlackTitle "GM"]
[WhiteElo "2585"]
[BlackElo "2571"]
[WhiteTeam "Armenia Eagles"]
[BlackTeam "Marseille Migraines"]
[WhiteFideId "13302000"]
[BlackFideId "642908"]
[EventDate "2018.01.18"]

1. e4 e5 2. Nf3 Nf6 3. Nxe5 d6 4. Nf3 Nxe4 5. Nc3 Nxc3 6. dxc3 Be7 7. Be3 Nc6 8.
Qd2 Be6 9. O-O-O Qd7 10. Kb1 Bf6 11. Ng5 Bxg5 12. Bxg5 O-O 13. h4 Rae8 14. h5 h6
15. Bf4 Bf5 16. f3 Qe6 17. g4 Bh7 18. g5 hxg5 19. Bxg5 Ne5 20. Qg2 f6 21. Bh6
Rf7 22. Rg1 Qf5 23. f4 Qxh5 24. Be2 Qxh6 25. fxe5 Rxe5 26. Bc4 Be4 27. Bxf7+
Kxf7 28. Qf2 b6 29. Qd4 d5 30. Qa4 Qh2 31. Qd7+ Re7 32. Rxg7+ Kxg7 33. Qxe7+ Kg6
34. Rc1 f5 35. b3 a5 36. Kb2 a4 37. Qe8+ Kg5 38. Qxa4 f4 39. Qd4 f3 40. Rg1+ Kf5
41. Qg7 Qxc2+ 42. Ka3 Ke6 43. Qh6+ Kd7 44. Rg7+ Kc8 45. Qc6 Qc1+ 46. Kb4 1-0